[Event "Zonal 2.5 2017"]
[Site "Villa Martelli ARG"]
[Date "2017.05.03"]
[Round "4.33"]
[White "Del Blanco,Eduardo"]
[Black "Allo,E"]
[Result "1-0"]
[WhiteElo "2093"]
[BlackElo "2065"]

1.d4 Nf6 2.Nf3 g6 3.b3 Bg7 4.Bb2 O-O 5.g3 d6 6.Bg2 c6 7.O-O Qa5 8.Nbd2 Qh5
9.Re1 Bh3 10.e4 Nbd7 11.Qe2 Ng4 12.Nf1 e5 13.Rad1 Rad8 14.dxe5 Bxg2 15.Kxg2
Ngxe5 16.Nxe5 Qxe2 17.Rxe2 Nxe5 18.Red2 Rfe8 19.Rxd6 Rxd6 20.Rxd6 Nc4 21.bxc4
Bxb2 22.Kf3 Re5 23.Rd7 Ra5 24.Rxb7 Rxa2 25.Rc7 Bd4 26.Rxc6 Rxc2 27.Ne3 Ra2
28.c5 Ra5 29.Rc8+ Kg7 30.c6 Rc5 31.Nd5 Be5 32.Ke3 f6 33.f4 Bd6 34.c7 Kh6
35.Kd3 f5 36.Kd4 fxe4 37.Re8 Rxd5+ 38.Kxd5 Bxc7 39.Rxe4 Bb6 40.g4 Kg7 41.Re7+
{#r} 1-0

[Event "Zonal 2.5 2017"]
[Site "Villa Martelli ARG"]
[Date "2017.05.03"]
[Round "4.37"]
[White "Heinechen,Jo"]
[Black "Bulcourf,C"]
[Result "1-0"]
[WhiteElo "1932"]
[BlackElo "2053"]

1.e4 Nf6 2.e5 Nd5 3.d4 d6 4.Nf3 Bg4 5.h3 Bxf3 6.Qxf3 e6 7.Bb5+ c6 8.Bc4 dxe5
9.dxe5 Qh4 10.Nd2 Nd7 11.Bxd5 cxd5 12.Qe2 Rc8 13.c3 Be7 14.g4 Bc5 15.Nf3 Qd8
16.Bg5 Be7 17.h4 Rc4 18.Nd2 Rc6 19.Bf4 b5 20.a3 a6 21.Bg3 Nb6 22.Nf3 Na4
23.Rd1 Qc8 24.O-O O-O 25.Nd4 Rc7 26.f4 Bc5 27.Bf2 Bxd4 28.Bxd4 Nc5 29.Bxc5
Rxc5 30.f5 Rc4 31.Rd4 Qc5 32.Qf2 exf5 33.gxf5 Rc8 34.f6 gxf6 35.Qxf6 Rc6
36.Qxf7+ Kh8 37.Qe8+ Kg7 38.e6 Rc7 39.Rf7+ Kh6 40.Qg8 {#r} 1-0

[Event "Asian Juniors 2017"]
[Site "Shiraz IRI"]
[Date "2017.05.03"]
[Round "1.3"]
[White "Mosadeghpour,Masoud"]
[Black "Namdarigharghani,Parsa"]
[Result "1-0"]
[WhiteElo "2444"]
[BlackElo "1859"]

1.e4 c6 2.Nc3 d5 3.Nf3 Bg4 4.h3 Bh5 5.exd5 cxd5 6.g4 Bg6 7.Ne5 Nc6 8.d4 e6
9.h4 f6 10.h5 Bf7 11.Nxf7 Kxf7 12.Be3 Bb4 13.Qd3 Nge7 14.a3 Qa5 15.Bd2 Rac8
16.Bg2 a6 17.O-O Bxc3 18.Bxc3 Qc7 19.f4 Qd6 20.Rae1 g6 21.Re3 Rce8 22.Qe2 gxh5
23.f5 e5 24.g5 e4 25.Qxh5+ Kf8 26.Be1 Nxd4 27.Bb4 Qb6 28.Kh1 Nxc2 29.Qh6+ Kf7
30.Bf3 Nxe3 31.Bh5+ Kg8 32.gxf6 Qxf6 33.Qxf6 {#r} 1-0

[Event "Asian Juniors 2017"]
[Site "Shiraz IRI"]
[Date "2017.05.03"]
[Round "1.4"]
[White "Khalesi,Parsa"]
[Black "Mousavi,Se"]
[Result "0-1"]
[WhiteElo "1838"]
[BlackElo "2435"]

1.d4 d5 2.c4 e6 3.Nc3 c5 4.cxd5 cxd4 5.Qa4+ Bd7 6.Qxd4 exd5 7.Qxd5 Nc6 8.Qd1
Nf6 9.Nf3 Bc5 10.e3 Qe7 11.Be2 O-O 12.O-O Rfd8 13.Qc2 Rac8 14.a3 Bg4 15.Bd2
Ne5 16.Nxe5 Qxe5 17.Rae1 h5 18.Bxg4 hxg4 19.f4 gxf3 20.Rxf3 Ng4 21.Rh3 g6
22.Qd1 Qe6 23.Qe2 Bd6 24.Bc1 Kg7 25.Rh4 f5 26.Rf1 Rh8 27.Rxh8 Rxh8 28.h3 Qe5
29.Rf4 g5 30.Rxg4 fxg4 31.Qxg4 Rf8 32.Qd4 Kg6 33.Qxe5 Bxe5 {#R} 0-1

[Event "Asian Juniors 2017"]
[Site "Shiraz IRI"]
[Date "2017.05.03"]
[Round "1.5"]
[White "Gholami,A"]
[Black "Ashraf,Artin"]
[Result "1-0"]
[WhiteElo "2423"]
[BlackElo "1816"]

1.c4 Nf6 2.Nc3 g6 3.g3 Bg7 4.Bg2 O-O 5.d4 c5 6.d5 d6 7.e4 e6 8.Nge2 exd5
9.cxd5 Re8 10.O-O Na6 11.h3 b6 12.f4 Bb7 13.g4 Nc7 14.f5 Nd7 15.g5 Be5 16.Qe1
b5 17.Nd1 Qe7 18.Ne3 Qxg5 19.Ng4 Qe7 20.f6 Nxf6 21.Bg5 Nxg4 22.Bxe7 Ne3 23.Bf6
Nxg2 24.Qf2 Nf4 25.Nxf4 Bxf6 26.Ne2 Nxd5 27.exd5 Bxd5 28.Qxf6 Rxe2 29.Rf2 Re3
30.Qxd6 Be6 31.h4 Rc8 32.Qf4 Rd3 33.Rd2 Rdd8 34.Rad1 Rxd2 35.Rxd2 Bxa2 36.b4
Bc4 37.bxc5 a5 38.Qf6 a4 39.c6 a3 40.c7 {#r} 1-0

[Event "Asian Juniors 2017"]
[Site "Shiraz IRI"]
[Date "2017.05.03"]
[Round "1.6"]
[White "Khairallah,Ralph"]
[Black "Harsha,B"]
[Result "0-1"]
[WhiteElo "1791"]
[BlackElo "2413"]

1.e4 c5 2.Nc3 Nc6 3.g3 g6 4.Bg2 Bg7 5.d3 d6 6.f4 e6 7.Nf3 Nge7 8.O-O O-O 9.Be3
Nd4 10.Bf2 Nec6 11.Rb1 Qa5 12.Nd2 Bd7 13.a3 b5 14.Ne2 Rab8 15.c3 Nxe2+ 16.Qxe2
b4 17.Nc4 Qa4 18.axb4 cxb4 19.b3 Qa6 20.Ra1 Qc8 21.Nxd6 Qc7 22.e5 bxc3 23.Ra3
Rb4 24.Rc1 Nd4 25.Bxd4 Rxd4 26.Ne4 Rxe4 27.Bxe4 Qc5+ 28.Kg2 Qxa3 29.Rxc3 {#R}
0-1

[Event "Asian Juniors 2017"]
[Site "Shiraz IRI"]
[Date "2017.05.03"]
[Round "1.7"]
[White "Khodashenas,M"]
[Black "Khosravanian,Hosein"]
[Result "1-0"]
[WhiteElo "2410"]
[BlackElo "1751"]

1.e4 c6 2.d4 d5 3.Nc3 dxe4 4.Nxe4 Bf5 5.Ng3 Bg6 6.h4 h6 7.Nh3 Nd7 8.Nf4 Bh7
9.Bc4 e6 10.c3 Ngf6 11.O-O Nd5 12.Qg4 N7f6 13.Qf3 Bd6 14.Nxd5 Nxd5 15.Qg4 Rg8
16.Re1 Nf6 17.Qf3 Qe7 18.a4 a5 19.Bf4 O-O-O 20.Bxd6 Qxd6 21.Nh5 Qe7 22.Nxf6
Qxf6 23.Qg3 g5 24.h5 Qf4 25.Re5 b6 26.Qh3 Bf5 27.Qh1 Qh4 28.Rae1 Qxh1+ 29.Kxh1
g4 30.Kh2 Rg5 31.Kg3 Rxh5 32.Bd3 Rd5 33.Rxd5 cxd5 34.Bxf5 Rxf5 35.Re5 Rf6
36.Rh5 Rg6 37.Kf4 Kd7 38.Rh4 f5 39.Ke5 Kc6 40.Rh1 Kd7 41.g3 Ke7 42.b3 Rf6
43.Rh5 Kf7 44.c4 dxc4 45.bxc4 Ke7 46.Rh1 Rf8 47.Rxh6 Rc8 48.Rh7+ {#r} 1-0

[Event "Asian Juniors 2017"]
[Site "Shiraz IRI"]
[Date "2017.05.03"]
[Round "1.8"]
[White "Motavas,Pouya"]
[Black "Tran,Minh Thang"]
[Result "0-1"]
[WhiteElo "1676"]
[BlackElo "2409"]

1.d4 Nf6 2.c4 g6 3.Nc3 d5 4.cxd5 Nxd5 5.e4 Nxc3 6.bxc3 Bg7 7.Bb5+ c6 8.Ba4 O-O
9.Ne2 b5 10.Bb3 a5 11.a4 b4 12.O-O Bb7 13.Be3 Na6 14.Rc1 Rc8 15.e5 e6 16.Qd2
c5 17.Bc4 cxd4 18.cxd4 Rxc4 19.Rxc4 Qd5 20.Nf4 Qxc4 21.Rc1 Qb3 22.h4 Rc8
23.Rxc8+ Bxc8 24.h5 Qc3 25.Qe2 Nc7 26.Qf3 b3 27.Ne2 Qc2 28.Bg5 b2 29.Nc3 Nd5
{#R} 0-1

[Event "ch-BLR Junior 2017"]
[Site "Minsk BLR"]
[Date "2017.05.03"]
[Round "7.2"]
[White "Kovalevsky,Stanislav"]
[Black "Kotau,Arseni"]
[Result "1-0"]
[WhiteElo "2139"]
[BlackElo "2055"]

1.e4 c5 2.c4 d6 3.Nc3 Nf6 4.g3 g6 5.Bg2 Bg7 6.Nge2 O-O 7.a3 Nc6 8.O-O Ne8
9.Rb1 a5 10.Nb5 Nc7 11.Nxc7 Qxc7 12.d3 Bd7 13.Bd2 Rab8 14.Nc3 Nd4 15.b4 axb4
16.axb4 cxb4 17.Nd5 Qd8 18.Bxb4 b5 19.Qd2 Bh3 20.Ba5 Qe8 21.Bc3 Bxg2 22.Kxg2
bxc4 23.Rxb8 Qxb8 24.Nxe7+ Kh8 25.Bxd4 Bxd4 26.dxc4 Bg7 27.Nc6 Qc7 28.Qd5 Rc8
29.Na5 Bc3 30.Nb7 Bb4 31.Rb1 Qxc4 32.Rxb4 Qxb4 33.Nxd6 Rf8 34.Nxf7+ Rxf7
35.Qxf7 Qxe4+ 36.f3 Qc2+ 37.Kh3 Qc8+ 38.g4 Qc5 39.Kh4 Qf2+ 40.Kg5 Qd2+ 41.f4
h6+ 42.Kxg6 Qd3+ 43.Qf5 {#r} 1-0

[Event "ch-BLR Junior 2017"]
[Site "Minsk BLR"]
[Date "2017.05.03"]
[Round "7.3"]
[White "Filipets,Egor"]
[Black "Yezhel,Valiantsin"]
[Result "1-0"]
[WhiteElo "2328"]
[BlackElo "2156"]

1.c4 Nf6 2.Nf3 c6 3.g3 d5 4.Bg2 g6 5.b3 Bg7 6.Bb2 O-O 7.O-O b6 8.d3 Bb7 9.Nbd2
c5 10.cxd5 Nxd5 11.Bxg7 Kxg7 12.Qc1 Nd7 13.Qb2+ Kg8 14.Rfd1 Rc8 15.Rac1 Qc7
16.h4 h5 17.Nc4 N7f6 18.Nce5 Qb8 19.Ng5 Nb4 20.Bh3 Rcd8 21.Ngxf7 Rxf7 22.Be6
Rf8 23.Nxg6 Kh7 24.Nxf8+ Rxf8 25.Bf5+ Kg7 26.d4 Kf7 27.dxc5 Rg8 28.Kh2 bxc5
29.Rxc5 Nbd5 30.Qd2 e6 31.e4 exf5 32.exd5 Ne4 33.Qc2 Nxc5 34.Qxf5+ Kg7 35.Qg5+
Kf7 36.Qxh5+ Kf6 37.Qf3+ Kg6 38.b4 Na4 39.Re1 Bc8 40.Re7 Bf5 41.Qe3 Kh5 42.Re5
Qc8 43.Qf4 {#r} 1-0

[Event "ch-BLR u20 Women 2017"]
[Site "Minsk BLR"]
[Date "2017.05.03"]
[Round "7.4"]
[White "Prakapuk,Vera"]
[Black "Ilyuchyk,Yana"]
[Result "1-0"]
[WhiteElo "2078"]
[BlackElo "2091"]

1.e4 c5 2.Nf3 Nc6 3.Bb5 g6 4.Bxc6 bxc6 5.O-O Bg7 6.Re1 Nf6 7.e5 Nd5 8.d4 cxd4
9.Qxd4 O-O 10.Qh4 d6 11.Bh6 f6 12.Bxg7 Kxg7 13.exd6 Qxd6 14.Nbd2 Rb8 15.c4 Nb4
16.Ne4 Qc7 17.Rad1 Nc2 18.Re2 Rd8 19.Rf1 Nd4 20.Nxd4 Rxd4 21.Nxf6 Rxh4 22.Ne8+
Kf7 23.Nxc7 Rb7 24.Na6 Rxc4 25.b3 Rc3 26.b4 Rb5 27.Nc7 Rb7 28.Na6 Bf5 29.Rfe1
Kf6 30.f3 h5 31.a4 h4 32.a5 Rc4 33.g4 hxg3 34.hxg3 Bc8 35.Kf2 Rb5 36.Nc7 Rbxb4
37.Ne8+ Kf7 38.Rxe7+ Kf8 39.Nd6 Rc2+ 40.Kg1 Kg8 41.Nxc8 Rbb2 42.Rd1 {#r} 1-0

[Event "TCh-RUS Women 2017"]
[Site "Sochi RUS"]
[Date "2017.05.02"]
[Round "2.1"]
[White "Azimova,K"]
[Black "Makarova,Darya"]
[Result "1-0"]
[WhiteElo "2059"]
[BlackElo "1827"]

1.e4 c6 2.d4 d5 3.exd5 cxd5 4.Bd3 Nc6 5.c3 Qc7 6.h3 e5 7.dxe5 Nxe5 8.Bc2 Be6
9.Nf3 Nxf3+ 10.Qxf3 Nf6 11.O-O O-O-O 12.a4 Bd6 13.Na3 a6 14.Bf5 h6 15.Be3 Nd7
16.Rfc1 Ne5 17.Bxe6+ fxe6 18.Qe2 Bxa3 19.Rxa3 Nc4 20.Raa1 Nxe3 21.Qxe3 e5
22.b4 Rhe8 23.b5 Re6 24.Rab1 a5 25.b6 Qc4 26.Rb5 Qxa4 27.c4 d4 28.Qd2 Qa3
29.Rxa5 Qd6 30.Rb1 Qc6 31.Rbb5 Qe4 32.Ra8+ Kd7 33.Rd5+ Ke7 34.Raxd8 Rxb6
35.R5d7+ Ke6 36.Rxg7 Rb1+ 37.Kh2 Qh4 38.Rdg8 d3 39.Rg4 {#r} 1-0

[Event "TCh-RUS Women 2017"]
[Site "Sochi RUS"]
[Date "2017.05.02"]
[Round "2.2"]
[White "Gritsayeva,O"]
[Black "Suslova,A"]
[Result "1-0"]
[WhiteElo "2396"]
[BlackElo "2216"]

1.d4 f5 2.Bg5 Nf6 3.Bxf6 exf6 4.e3 d5 5.c4 Bb4+ 6.Nc3 Bxc3+ 7.bxc3 O-O 8.Ne2
g6 9.Nf4 dxc4 10.Bxc4+ Kg7 11.h4 Nc6 12.h5 g5 13.Ne6+ Bxe6 14.Bxe6 Re8 15.h6+
Kh8 16.Bxf5 Qd5 17.Qf3 Qc4 18.Kd2 Rf8 19.Rhb1 Rab8 20.Be4 Ne7 21.Bxb7 c5
22.Qe4 Rbe8 23.Qd3 Qe6 24.Qe4 Qc4 25.a4 cxd4 26.cxd4 Qc7 27.a5 f5 28.Qc2 Qd6
29.Qc5 Qxh6 30.Qe5+ Qf6 31.Qxf6+ Rxf6 32.Rc1 Rd8 33.Rc7 Ng6 34.Rac1 Rdd6
35.Bf3 g4 36.Be2 a6 37.R1c5 h5 38.Bd3 Nh4 39.Ra7 Rd8 40.Rcc7 Rh6 41.g3 Nf3+
42.Kc3 Rf8 43.Rxa6 Rh7 44.Raa7 {#r} 1-0

[Event "TCh-RUS Women 2017"]
[Site "Sochi RUS"]
[Date "2017.05.02"]
[Round "2.2"]
[White "Tomilova,E"]
[Black "Mukhina,Jana"]
[Result "1-0"]
[WhiteElo "2300"]
[BlackElo "2004"]

1.Nf3 Nf6 2.c4 b6 3.b3 Bb7 4.e3 g6 5.Bb2 Bg7 6.g3 O-O 7.Bg2 c5 8.O-O d5 9.cxd5
Nxd5 10.Bxg7 Kxg7 11.d4 cxd4 12.Qxd4+ Nf6 13.Qb2 Nd7 14.Nc3 Qc7 15.Rac1 Bc6
16.Nb5 Qb7 17.Rxc6 Qxc6 18.Nfd4 Qc5 19.Rc1 Qe5 20.Bxa8 Rxa8 21.Qe2 a6 22.Qf3
Rh8 23.Nc7 Nc5 24.Qc6 Ng4 25.Qxb6 Nd3 26.Rf1 Qh5 27.h4 Qe5 28.Nf3 Qe4 29.Nd2
Qf5 30.e4 Qe5 31.Nc4 Qc3 32.Nd5 Qc2 33.Nde3 Nxe3 34.Nxe3 Qe2 35.Qxa6 Rd8 36.a4
Rd6 37.Qc4 e5 38.Nd5 g5 39.Ne7 Kf8 40.Nf5 Rd8 41.Qc7 Re8 42.Qd6+ {#r} 1-0

[Event "TCh-RUS Women 2017"]
[Site "Sochi RUS"]
[Date "2017.05.02"]
[Round "2.3"]
[White "Kovanova,B"]
[Black "Pustovoitova,D"]
[Result "1-0"]
[WhiteElo "2363"]
[BlackElo "2420"]

1.d4 Nf6 2.c4 e6 3.Nf3 d5 4.Nc3 c6 5.e3 Nbd7 6.Qc2 Bd6 7.Bd3 O-O 8.O-O dxc4
9.Bxc4 e5 10.Rd1 Qc7 11.h3 a6 12.e4 b5 13.Be2 Re8 14.dxe5 Nxe5 15.Bg5 Qe7
16.Nd4 h6 17.Bf4 g5 18.Nxc6 Qc7 19.Bxe5 Bxe5 20.Nxe5 Rxe5 21.Qd2 b4 22.Nd5
Nxd5 23.exd5 Qd6 24.Bf3 Bb7 25.Re1 Rxe1+ 26.Rxe1 Rd8 27.Qd4 a5 28.h4 Rc8
29.hxg5 hxg5 30.Qg4 Qf6 31.d6 Ba6 32.d7 Rd8 33.Re8+ Kg7 34.Qh3 {#r} 1-0

[Event "ch-CHN w 2017"]
[Site "Xinghua CHN"]
[Date "2017.05.02"]
[Round "9.1"]
[White "Zhang,Lanlin"]
[Black "Zhu,Jiner"]
[Result "1-0"]
[WhiteElo "2080"]
[BlackElo "2154"]

1.e4 c5 2.Nf3 d6 3.d4 cxd4 4.Nxd4 Nf6 5.Nc3 a6 6.Be3 e6 7.f3 Be7 8.Qd2 Nc6
9.O-O-O Nxd4 10.Bxd4 O-O 11.g4 b5 12.Kb1 Rb8 13.h4 b4 14.Ne2 Qc7 15.g5 Nd7
16.Ng3 a5 17.h5 Ne5 18.Be2 a4 19.b3 Bb7 20.f4 Nd7 21.f5 axb3 22.axb3 Ne5 23.f6
gxf6 24.g6 Rfc8 25.Bxe5 dxe5 26.Bc4 Bf8 27.Qd7 Ra8 28.Qxf7+ Qxf7 29.gxf7+ Kh8
30.Bxe6 Rc5 31.Kb2 Bh6 32.Ra1 Rf8 33.Rhg1 Bg5 34.Bc4 Rc7 35.Ra4 Be3 36.Rg2
Bd4+ 37.Ka2 Bc6 38.Ra6 Bb7 39.Ra4 Bc6 40.Ra5 Bc3 41.Ne2 Rcxf7 42.Bxf7 Bxe4
43.Rg3 Rxf7 44.Nxc3 bxc3 45.h6 Rc7 46.Ra6 f5 47.Re6 Rc8 48.Rxc3 {#r} 1-0

[Event "ch-CHN w 2017"]
[Site "Xinghua CHN"]
[Date "2017.05.02"]
[Round "9.3"]
[White "Gu,T"]
[Black "Xiao,Yiyi"]
[Result "1-0"]
[WhiteElo "2212"]
[BlackElo "2290"]

1.e4 e5 2.Nf3 Nc6 3.Bb5 Nf6 4.d3 d6 5.c3 Be7 6.O-O O-O 7.Re1 a6 8.Ba4 b5 9.Bc2
d5 10.Nbd2 h6 11.h3 Re8 12.exd5 Qxd5 13.a4 Bb7 14.Qe2 Bf8 15.Ne4 Nd7 16.Nfd2
Nc5 17.axb5 axb5 18.Rxa8 Rxa8 19.b4 Na4 20.Bb3 Qd7 21.Qh5 Bc8 22.Nf6+ gxf6
23.Ne4 Qe7 24.Bxh6 Bg7 25.Qg6 Kf8 26.Qxg7+ {#r} 1-0

[Event "ch-CHN w 2017"]
[Site "Xinghua CHN"]
[Date "2017.05.02"]
[Round "9.5"]
[White "Lei Tingjie"]
[Black "Zhu,Ying"]
[Result "1-0"]
[WhiteElo "2471"]
[BlackElo "2107"]

1.e4 e6 2.d4 d5 3.Nd2 Nf6 4.e5 Nfd7 5.Bd3 c5 6.c3 Nc6 7.Ne2 Qb6 8.Nf3 cxd4
9.cxd4 f6 10.exf6 Nxf6 11.O-O Bd6 12.Bf4 Bxf4 13.Nxf4 O-O 14.Re1 Ne4 15.g3 g5
16.Bxe4 gxf4 17.Bxh7+ Kxh7 18.Ng5+ Kh6 19.Qg4 Qxd4 20.Nxe6 Bxe6 21.Rxe6+ Rf6
22.Rae1 Rf8 23.Rxf6+ Rxf6 24.Re8 Rf7 25.Rg8 {#r} 1-0

[Event "ch-CZE 2017"]
[Site "Ostrava CZE"]
[Date "2017.05.02"]
[Round "4.6"]
[White "Kislinsky,A"]
[Black "Kraus,To"]
[Result "1-0"]
[WhiteElo "2481"]
[BlackElo "2418"]

1.e4 c5 2.c3 d5 3.exd5 Qxd5 4.d4 Nc6 5.Nf3 Bg4 6.Be2 cxd4 7.cxd4 e6 8.Nc3 Qa5
9.h3 Bh5 10.d5 exd5 11.O-O Nf6 12.Nd4 Nxd4 13.Bxh5 Ne6 14.Re1 g6 15.Bg4 Nxg4
16.Qxg4 O-O-O 17.Bg5 Rd7 18.Rac1 h5 19.Rxe6 hxg4 20.Re8+ Rd8 21.Nxd5+ Bc5
22.Bxd8 Qb5 23.Rxh8 Kd7 24.Nf6+ Kc6 25.Be7 b6 26.Bxc5 bxc5 27.Rc8+ Kb7
28.R8xc5 Qxb2 29.Nxg4 {#r} 1-0

[Event "ch-CZE 2017"]
[Site "Ostrava CZE"]
[Date "2017.05.02"]
[Round "4.12"]
[White "Kolar,St"]
[Black "Biolek,R1"]
[Result "0-1"]
[WhiteElo "2094"]
[BlackElo "2445"]

1.Nf3 Nc6 2.d4 d5 3.c4 Bg4 4.e3 e5 5.Be2 exd4 6.exd4 dxc4 7.Be3 Nf6 8.O-O Bd6
9.Nbd2 O-O 10.Nxc4 Nd5 11.Bg5 f6 12.Bd2 Nf4 13.Be3 Re8 14.Nxd6 Nxe2+ 15.Qxe2
Qxd6 16.Rfd1 Ne7 17.h3 Bh5 18.g4 Bg6 19.Nd2 Nd5 20.Qf3 c6 21.a3 Re6 22.Rac1
Rae8 23.Nc4 Qb8 24.Re1 Be4 25.Qe2 b5 26.Nd2 Nxe3 27.Nxe4 Rxe4 28.Qf3 Rf4
29.Qg3 Nd5 30.Kf1 Rxd4 31.Qxb8 Rxb8 32.Rxc6 Rb7 33.f3 Kf7 {#R} 0-1

[Event "ch-CZE 2017"]
[Site "Ostrava CZE"]
[Date "2017.05.02"]
[Round "4.13"]
[White "Nguyen,Thai Dai Van"]
[Black "Caletka,R"]
[Result "1-0"]
[WhiteElo "2441"]
[BlackElo "2349"]

1.e4 e5 2.Nf3 Nc6 3.Bb5 a6 4.Ba4 Nf6 5.O-O Be7 6.d3 b5 7.Bb3 d6 8.c3 O-O 9.Re1
Na5 10.Bc2 c5 11.Nbd2 Nc6 12.Nf1 Re8 13.Ne3 Bf8 14.a4 Bd7 15.Nd5 Nxd5 16.exd5
Na5 17.axb5 axb5 18.b4 Nb7 19.Be3 Bg4 20.Rxa8 Qxa8 21.Qa1 Qc8 22.Bd1 Bf5
23.Be2 Qd7 24.Qa6 Rb8 25.Nh4 Nd8 26.Nxf5 Qxf5 27.Qa7 Rb7 28.Qa8 Qd7 29.Ra1 f5
30.Bf3 cxb4 31.cxb4 Nf7 32.Rc1 Rc7 33.Rc6 Nd8 34.Bb6 Nxc6 35.dxc6 Qc8 36.Qxc8
Rxc8 37.Bd5+ Kh8 38.c7 {#r} 1-0

[Event "ch-CZE 2017"]
[Site "Ostrava CZE"]
[Date "2017.05.02"]
[Round "4.15"]
[White "Vokac,M"]
[Black "Kozusek,Daniel"]
[Result "1-0"]
[WhiteElo "2415"]
[BlackElo "2264"]

1.Nf3 Nf6 2.c4 e6 3.b3 d5 4.Bb2 c5 5.e3 Nc6 6.d3 d4 7.exd4 cxd4 8.a3 a5 9.Nbd2
e5 10.g3 Bd6 11.Bg2 O-O 12.O-O Bf5 13.Qe2 h6 14.Rfe1 Bh7 15.c5 Bc7 16.Rac1 Re8
17.Ne4 Nd7 18.Nfd2 Qe7 19.g4 Nf8 20.Ng3 Ne6 21.Be4 Nxc5 22.Bxh7+ Kxh7 23.Nf5
Qf8 24.Rxc5 Qxc5 25.Ne4 Qf8 26.Bc1 Re6 27.Qf3 Bd8 28.Kh1 Be7 29.g5 hxg5
30.Bxg5 Rg6 31.Rg1 Ra6 32.Rg3 Bxg5 33.Rxg5 Qxa3 34.Rxg6 fxg6 35.Ng5+ Kg8 {#r}
1-0

[Event "ch-CZE 2017"]
[Site "Ostrava CZE"]
[Date "2017.05.02"]
[Round "4.16"]
[White "Zwardon,V"]
[Black "Novosadova,K"]
[Result "1-0"]
[WhiteElo "2406"]
[BlackElo "2198"]

1.c4 Nf6 2.g3 g6 3.Bg2 Bg7 4.Nc3 O-O 5.d3 d6 6.Nf3 Nc6 7.Rb1 a5 8.O-O e5 9.a3
Nh5 10.e4 f5 11.exf5 Bxf5 12.Ng5 Nf6 13.b4 axb4 14.axb4 Qc8 15.Nd5 Nxd5
16.Bxd5+ Kh8 17.Nf7+ Rxf7 18.Bxf7 e4 19.Bd5 exd3 20.Bb2 Nd4 21.g4 c6 22.Bxd4
Bxd4 23.gxf5 cxd5 24.Qxd3 Qxc4 25.Rbd1 Be5 26.f4 Bxf4 27.Qxd5 Bxh2+ 28.Kxh2
Ra2+ 29.Kg3 Qe2 30.Qd4+ Kg8 31.Rf2 Ra3+ 32.Kg2 Qh5 33.Qc4+ Kh8 34.Qc8+ Kg7
35.f6+ {#r} 1-0

[Event "ch-CZE 2017"]
[Site "Ostrava CZE"]
[Date "2017.05.02"]
[Round "4.17"]
[White "Postupa,P2"]
[Black "Vanek,T"]
[Result "0-1"]
[WhiteElo "2202"]
[BlackElo "2134"]

1.e4 c5 2.Nf3 Nc6 3.Bb5 Nf6 4.e5 Nd5 5.O-O Nc7 6.Bxc6 dxc6 7.Re1 Bg4 8.d3 Ne6
9.Be3 g6 10.Nbd2 Bg7 11.h3 Bxf3 12.Nxf3 Qc7 13.Bd2 h6 14.Bc3 g5 15.g3 O-O-O
16.Re4 h5 17.Qe2 h4 18.gxh4 Nf4 19.Qf1 f5 20.exf6 Bxf6 21.Rae1 Rh7 22.Bd2 Rg8
23.Kh1 Rgh8 24.c3 Qd6 25.d4 cxd4 26.cxd4 Qd5 27.Bxf4 gxf4 28.Qg2 Rg7 29.Qh2
Bxh4 30.Rxf4 Bxf2 31.Re5 Bg3 32.Qg2 Qg8 33.Ng5 Rxg5 34.Rxg5 Qxg5 35.Rf3 Rg8
36.d5 Qxd5 {#R} 0-1

[Event "ch-CZE 2017"]
[Site "Ostrava CZE"]
[Date "2017.05.02"]
[Round "4.18"]
[White "Blatny,P"]
[Black "Rabatin,J"]
[Result "1-0"]
[WhiteElo "2388"]
[BlackElo "2286"]

1.b3 e5 2.Bb2 Nc6 3.e3 Nf6 4.g3 d5 5.Bg2 h5 6.h3 Bf5 7.d3 Qd7 8.a3 O-O-O 9.b4
d4 10.e4 Be6 11.Nd2 Bd6 12.Ne2 h4 13.f4 g6 14.Nf3 Nh5 15.b5 Ne7 16.fxe5 Bxe5
17.Nxe5 Qxb5 18.Bxd4 Rxd4 19.Nxf7 Bxf7 20.Nxd4 Qa5+ 21.Qd2 Qe5 22.c3 Qxg3+
23.Kf1 Nf4 24.Kg1 Nxd3 25.Rf1 Ne5 26.Ne2 Nc4 27.Nxg3 Nxd2 28.Rxf7 {#r} 1-0

[Event "ch-CZE 2017"]
[Site "Ostrava CZE"]
[Date "2017.05.02"]
[Round "4.21"]
[White "Vybiral,Z"]
[Black "Sobek,J"]
[Result "0-1"]
[WhiteElo "2271"]
[BlackElo "2202"]

1.d4 d5 2.Nf3 c6 3.c4 Nf6 4.e3 e6 5.b3 Nbd7 6.Bd3 b6 7.O-O Bb7 8.Bb2 dxc4
9.bxc4 c5 10.Nc3 cxd4 11.exd4 Be7 12.Qe2 O-O 13.Rfd1 Re8 14.Rac1 Qc7 15.Ne5
Rad8 16.Bc2 a6 17.Ba4 Nxe5 18.dxe5 Nd7 19.Nd5 exd5 20.cxd5 Bc5 21.e6 fxe6
22.dxe6 Nf8 23.Rxd8 Qxd8 24.Qg4 Re7 25.Bf6 Qd2 26.Rf1 h5 27.Qg3 Bd6 28.Qg5
Qxg5 29.Bxg5 Rc7 30.Bd8 Re7 31.Rd1 Rxe6 32.Bb3 Bc5 33.Re1 Kf7 34.Bh4 Bc8
35.Kf1 Ke8 36.Bxe6 Bxe6 37.f4 Kd7 38.Rd1+ Kc6 39.Rd2 Nd7 40.Bf2 Bc4+ {#R} 0-1

[Event "ch-CZE 2017"]
[Site "Ostrava CZE"]
[Date "2017.05.02"]
[Round "4.24"]
[White "Malinovsky,P"]
[Black "Olsarova,K"]
[Result "0-1"]
[WhiteElo "2024"]
[BlackElo "2245"]

1.d4 Nf6 2.c4 e6 3.Nc3 Bb4 4.Bg5 h6 5.Bh4 c5 6.d5 Bxc3+ 7.bxc3 d6 8.e3 e5 9.f3
Qe7 10.e4 Nbd7 11.Bd3 Nf8 12.Ne2 g5 13.Bf2 Ng6 14.Qc2 Nh5 15.h3 Nhf4 16.Rh2
Qf6 17.Ng1 Nh5 18.g3 Ng7 19.Be3 Bd7 20.Rb1 b6 21.Qc1 Qe7 22.Rbb2 f5 23.exf5
Bxf5 24.Be2 O-O-O 25.a4 Kc7 26.a5 Rb8 27.Qa1 e4 28.f4 gxf4 29.gxf4 Qh4+ 30.Rf2
Bd7 31.axb6+ axb6 32.Bxc5 dxc5 33.Qa7+ Kd6 34.Rxb6+ Rxb6 35.Qxb6+ Ke7 36.Qxc5+
Kf7 37.f5 Nxf5 38.Qa7 Rd8 39.Kf1 Nf4 40.Bg4 Ng3+ 41.Ke1 Nh1 42.Bxd7 Qxf2+
43.Qxf2 Nxf2 44.Bc6 N2xh3 45.Nxh3 Nxh3 46.c5 Nf4 {#R} 0-1

[Event "ch-CZE 2017"]
[Site "Ostrava CZE"]
[Date "2017.05.02"]
[Round "4.25"]
[White "Macicek,Jak"]
[Black "Psenicka,P"]
[Result "1-0"]
[WhiteElo "2284"]
[BlackElo "2019"]

1.e4 Nf6 2.Nc3 e5 3.Nf3 Nc6 4.Bb5 Bb4 5.O-O O-O 6.d3 d6 7.Bg5 Bxc3 8.bxc3 Qe7
9.Re1 Nd8 10.d4 c6 11.Bd3 Ne6 12.Bc1 Nd7 13.g3 c5 14.Bf1 Re8 15.Bg2 Rb8 16.Qd2
f6 17.Bb2 b6 18.Rad1 Ndf8 19.Nh4 g6 20.f4 Ng7 21.Qf2 Bg4 22.Rd2 Be6 23.a3 Bf7
24.Bf3 Nfe6 25.Ng2 cxd4 26.cxd4 Nxd4 27.Bxd4 exd4 28.Rxd4 Ne6 29.Rd2 Nc5
30.Qd4 Rbd8 31.Rde2 Ne6 32.Qb2 Rf8 33.h4 Nc5 34.Kh2 Bc4 35.Re3 Qf7 36.h5 Rd7
37.Nh4 g5 38.Nf5 Kh8 39.fxg5 Be6 40.Kg2 {#r} 1-0

[Event "ch-CZE 2017"]
[Site "Ostrava CZE"]
[Date "2017.05.02"]
[Round "4.26"]
[White "Kanakova,Natalie"]
[Black "Kovar,V"]
[Result "0-1"]
[WhiteElo "2112"]
[BlackElo "2326"]

1.e4 c5 2.Nf3 e6 3.d4 cxd4 4.Nxd4 a6 5.Nc3 Qc7 6.Be2 Nf6 7.O-O d6 8.f4 Be7
9.Be3 Nc6 10.a4 Bd7 11.Nb3 Na5 12.Nxa5 Qxa5 13.Qe1 Bc6 14.Bf3 Rc8 15.Kh1 h5
16.Rd1 Ng4 17.Bg1 Qb4 18.b3 Bd7 19.Rd3 Bd8 20.Bd4 Bb6 21.Bxg7 Rg8 22.Bxg4 Rxg7
23.Bxh5 Ba5 24.Rff3 Qc5 25.f5 Qe5 26.f6 Rg5 27.Rg3 Rxc3 28.Rxc3 Bc6 29.Bxf7+
Kxf7 30.Qe3 Qxc3 31.Qxc3 Bxc3 32.Rxg5 Bxe4 33.Rg4 d5 34.Rg3 d4 35.Rd3 Bxd3
36.cxd3 Kxf6 37.Kg1 e5 38.Kf2 e4 39.dxe4 Ke5 40.Kf3 Bb4 41.g4 Be7 {#R} 0-1

[Event "ch-CZE 2017"]
[Site "Ostrava CZE"]
[Date "2017.05.02"]
[Round "4.29"]
[White "Solc,Filip"]
[Black "Ockay,T"]
[Result "1-0"]
[WhiteElo "2005"]
[BlackElo "2107"]

1.e4 c6 2.Nc3 d5 3.Nf3 Bg4 4.h3 Bxf3 5.Qxf3 e6 6.d4 Qb6 7.Bd3 Nd7 8.O-O Qxd4
9.exd5 Ne5 10.Qg3 Nxd3 11.cxd3 exd5 12.Re1+ Ne7 13.Be3 Qb4 14.a3 Qa5 15.b4 Qd8
16.Bc5 Qd7 17.Rxe7+ Bxe7 18.Re1 O-O 19.Rxe7 Qf5 20.Re5 {#r} 1-0

[Event "ch-CRO 2017"]
[Site "Valpovo CRO"]
[Date "2017.05.02"]
[Round "8.5"]
[White "Saric,Iv"]
[Black "Kozul,Z"]
[Result "0-1"]
[WhiteElo "2609"]
[BlackElo "2631"]

1.e4 c5 2.Nf3 d6 3.d4 cxd4 4.Nxd4 Nf6 5.Nc3 Nc6 6.Bg5 e6 7.Qd2 a6 8.O-O-O Bd7
9.f4 b5 10.Bxf6 gxf6 11.Kb1 Qb6 12.Nxc6 Bxc6 13.f5 b4 14.Ne2 e5 15.Ng3 Qc5
16.Nh5 Ke7 17.Bd3 Rg8 18.h4 Rd8 19.Qe2 Bh6 20.Rhe1 a5 21.g4 a4 22.g5 fxg5
23.f6+ Kf8 24.Ng3 g4 25.Nf5 Bf4 26.Ne7 h5 27.Nxg8 Kxg8 28.Bc4 Bd7 29.Rd5 Qc7
30.Rf1 Bh6 31.b3 a3 32.Qd3 Bc6 33.Rd1 Bxd5 34.exd5 Qc5 35.Qf5 e4 36.Qxe4 Qe3
37.Qe7 Re8 38.Qxe3 Rxe3 39.Bd3 g3 40.Bf1 Bf4 41.Bh3 Re2 42.Rg1 Kf8 {#R} 0-1